[Event "Niedersachsen-ch op-D"]
[Site "Verden"]
[Date "2017.01.08"]
[Round "7"]
[White "Hoerhold, Tassilo"]
[Black "Bothe, Maya"]
[Result "0-1"]
[WhiteElo "1123"]
[BlackElo "765"]
[PlyCount "21"]
[EventDate "2017.01.05"]
[EventType "swiss"]
[EventRounds "7"]
[EventCountry "GER"]
[SourceTitle "CBM 187 Extra"]
[Source "ChessBase"]
[SourceDate "2018.11.04"]
[SourceVersion "1"]
[SourceVersionDate "2018.11.04"]
[SourceQuality "1"]

1. d4 d5 2. Bf4 Nc6 3. e3 Nf6 4. Nc3 Bf5 5. Nb5 e5 6. dxe5 Ne4 7. e6 Bb4+ 8. c3 0-0 9. cxb4 Nxb4 10. Be5 Nc6 11. Qh5 0-1

[Event "Niedersachsen-ch op-D"]
[Site "Verden"]
[Date "2017.01.06"]
[Round "4"]
[White "Zweigait, Leon"]
[Black "Hoerhold, Tassilo"]
[Result "1-0"]
[WhiteElo "1474"]
[BlackElo "1123"]
[PlyCount "57"]
[EventDate "2017.01.05"]
[EventType "swiss"]
[EventRounds "7"]
[EventCountry "GER"]
[SourceTitle "CBM 187 Extra"]
[Source "ChessBase"]
[SourceDate "2018.11.04"]
[SourceVersion "1"]
[SourceVersionDate "2018.11.04"]
[SourceQuality "1"]

1. c4 e5 2. g3 Bc5 3. Bg2 d6 4. Nc3 Nf6 5. Nf3 Ng4 6. 0-0 Be6 7. b3 Bf5 8. Nh4 Qf6 9. Bxb7 Bd7 10. Ne4 Qe7 11. Bxa8 Be6 12. b4 Bd4 13. Nc3 Qf6 14. e3 Bxc4 15. Qxg4 Bxf1 16. Qc8+ Qd8 17. Qxd8+ Kxd8 18. Kxf1 Bxc3 19. dxc3 c5 20. Nf5 Kc7 21. Nxg7 Na6 22. Bg2 cxb4 23. cxb4 Nxb4 24. Bd2 a5 25. a3 Nc2 26. Rc1 Kd7 27. Rxc2 Rb8 28. Bh3+ Kd8 29. Bxa5+ 1-0

[Event "Niedersachsen-ch op-D"]
[Site "Verden"]
[Date "2017.01.05"]
[Round "1"]
[White "Roncea, Andrea Alexandra"]
[Black "Hoerhold, Tassilo"]
[Result "0-1"]
[WhiteElo "1291"]
[BlackElo "1123"]
[PlyCount "24"]
[EventDate "2017.01.05"]
[EventType "swiss"]
[EventRounds "7"]
[EventCountry "GER"]
[SourceTitle "CBM 187 Extra"]
[Source "ChessBase"]
[SourceDate "2018.11.04"]
[SourceVersion "1"]
[SourceVersionDate "2018.11.04"]
[SourceQuality "1"]

1. e4 e5 2. Nf3 Nc6 3. Bc4 Bc5 4. d3 Nf6 5. Bb3 Ng4 6. 0-0 d6 7. c3 Qf6 8. h3 0-0 9. hxg4 Bxg4 10. Nbd2 Qg6 11. Re1 Bh3 12. g3 Qxg3+ 0-1

[Event "Niedersachsen-ch op-C"]
[Site "Verden"]
[Date "2016.01.05"]
[Round "6"]
[White "Bothe, Maya"]
[Black "Hoerhold, Tassilo"]
[Result "1-0"]
[WhiteElo "748"]
[BlackElo "1126"]
[PlyCount "33"]
[EventDate "2016.01.03"]
[EventType "swiss"]
[EventRounds "7"]
[EventCountry "GER"]
[SourceTitle "EXT 2018"]
[Source "ChessBase"]
[SourceDate "2017.10.13"]
[SourceVersion "1"]
[SourceVersionDate "2017.10.13"]
[SourceQuality "1"]

1. e4 e5 2. Nf3 f6 3. Nc3 Nc6 4. Bc4 Nh6 5. 0-0 Bc5 6. d3 f5 7. Bg5 Be7 8. Be3 fxe4 9. dxe4 Bb4 10. Nd5 Ng4 11. c3 Nxe3 12. Nxe3 Bc5 13. Qd5 Rf8 14. Nxe5 Nxe5 15. Qxe5+ Be7 16. Nf5 Rxf5 17. Qxf5 1-0

[Event "Niedersachsen-ch op-C"]
[Site "Verden"]
[Date "2016.01.03"]
[Round "1"]
[White "Bildat, Emilia"]
[Black "Hoerhold, Tassilo"]
[Result "1-0"]
[WhiteElo "981"]
[BlackElo "1126"]
[PlyCount "57"]
[EventDate "2016.01.03"]
[EventType "swiss"]
[EventRounds "7"]
[EventCountry "GER"]
[SourceTitle "EXT 2018"]
[Source "ChessBase"]
[SourceDate "2017.10.13"]
[SourceVersion "1"]
[SourceVersionDate "2017.10.13"]
[SourceQuality "1"]

1. d4 d5 2. Nf3 Bf5 3. Bf4 Nf6 4. e3 Nc6 5. Bd3 e6 6. 0-0 Bd6 7. Re1 0-0 8. Ne5 Bb4 9. c3 Be7 10. Bxf5 exf5 11. Nd2 Bd6 12. c4 Nb4 13. c5 Bxe5 14. dxe5 Nd7 15. Nb3 Re8 16. Qd2 a5 17. Nxa5 Rxa5 18. Qxb4 Rxc5 19. Rec1 b6 20. Qd4 f6 21. Rxc5 bxc5 22. Qxd5+ Kf8 23. Rd1 Re7 24. e6 g5 25. exd7 gxf4 26. Qc6 fxe3 27. Qxf6+ Rf7 28. Qxd8+ Kg7 29. Kf1 1-0